000 00525nam a2200157 i 4500
001 99817
003 ES-MaACL
007 t|
008 050919s1952 sp ||||1| eng d
100 1 _aMartínez González, Miguel Angel.
_978137
245 1 0 _aToledo
_b: tourist guide /
_cby M. A. Martínez González y P. Puebla Gutiérrez.
260 _aToledo :
_bEdit. Católica Toledana,
_c1952.
300 _a165 p., 1 gráf. pleg. :
_bil. ;
_c17 cm.
700 1 _aPuebla Gutiérrez, P.
_994125
852 _aES-MaACL
_jC-7972
_bR.35178
999 _c99817
_d99817